Feketehegy-fürdő

Zobrazenie: V žltom orámovaní pohľad na kúpeľné budovy v obkolesní hôr; celý komplex Vily Hana spolu s reštauráciou, Nový Dom (Jánošík) a za ním Thököliho dom v pozadí vidieť vilu Tompa

Bibliographic Details
Format: Photo
Language:Hungarian
Published: [Budapešť] MSM [medzi 1909 a 1911?]
Subjects:

MARC

LEADER 00000nkm a2200000 a 4500
001 vtls011860305
003 SK-MaSNL
005 20260301143716.0
007 kf co
008 230706q1909 hu g 00 kuhun
015 |a SNBG 
035 |a urn:nbn:sk:snk-km00dtsf 
035 |a urn:nbn:sk:snk-km3lu8p 
035 |a 2AA6D0AE-D306-4A6D-A2FD-C140C76CBE5B 
040 |a SNK  |b slo  |c SNK  |e AACR2 
041 0 |a hun 
043 |a e-xo--- 
044 |a hu  |c HU 
072 7 |a 913  |x Regionálna geografia  |2 konspekt 
080 |a 913(437.6)  |2 2011 
080 |a (084.121)  |2 2011 
080 |a 711.455:615.838  |2 2011 
245 0 0 |a Feketehegy-fürdő  |h grafika 
260 |a [Budapešť]  |b MSM  |c [medzi 1909 a 1911?] 
300 |a 1 pohľadnica  |b kolorovaná  |c 9 x 14 cm 
500 |a Názvové údaje prevzaté z obrazovej strany 
520 8 |a Zobrazenie: V žltom orámovaní pohľad na kúpeľné budovy v obkolesní hôr; celý komplex Vily Hana spolu s reštauráciou, Nový Dom (Jánošík) a za ním Thököliho dom v pozadí vidieť vilu Tompa 
610 2 7 |a Čierna Hora (Nálepkovo, Slovensko : kúpele)  |2 SNKKA  |9 176301 
650 0 7 |a kúpele  |2 SNKPH  |9 1139 
651 7 |a Nálepkovo (Slovensko)  |2 SNKPHgeo  |9 56242 
655 7 |a miestne pohľadnice  |2 SNKPH  |9 70510 
655 7 |a historické pohľadnice  |2 SNKPH  |9 159703 
852 |a Slovenská národná knižnica 
958 |a GBN 
958 |a GC 
958 |a ONDV 
999 |c 774591  |d 776521 
952 |a SNK  |b SNK  |y PREZ  |7 0  |p 17A1231902  |o snkSP 10284  |0 0  |1 0  |4 0  |d 2019-04-08  |f 1  |l 0  |r 2026-02-24 00:45:57  |w 2026-02-24